000
00226nam a2200109Ia 4500
999
_c
8075
_d
8075
082
_a
954.024
100
_a
Rasheed Akhtar
245
0
_a
Nadvi, Abul Hashim
260
_a
Lahore
_b
Sang-e-Meel
_c
2002
300
_a
560
942
_c
BK